000 01519 a2200241 4500
001 22328
005 20260407155513.0
008 260407a1994 arg spa d
003 AR-UNSa-BCEJYS
040 _aAR-UNSa-BCEJYS
_bspa
_cAR-UNSa-BCEJYS
080 _a657
_xContabilidad
245 1 0 _aLa contabilidad de las empresas constructoras
020 _a84-476-0084-X
264 1 _aMadrid :
_bMinisterio de Economía y Hacienda
_c1994
300 _a567 p.
_c24 cm.
505 _a1. La empresa constructora - 2. Constitución de la sociedad constructora - 3. Modificaciones del capital social - 4. Otros fondos propios, provisiones para riesgos y gastos e ingresos a distribuir en varios ejercicios - 5. Fondos ajenos a largo plazo - 6. Inmovilizado inmaterial - 7. Inmovilizado material y gastos amortizables - 8. Inversiones financieras - 9. Existencias - 10. Proveedores y otros acreedores de trafico - 11. Métodos de contabilización de las ventas(I) - 12. Métods de contabilización de las ventas(II) - 13. Otras operaciones de trafico y cuentas financieras - 14. Los impuestos en las empresas constructoras - 15. Cuentas de gestión - 16. Cuentas anuales.
942 _cBK
590 _aniveau_biblio:m niveau_hierar:0
100 1 _aJiménez Montañés, María Angela
700 1 _aQuesada Sanchez, Francisco Javier
700 1 _aSantos Peñalver, Jesus F.
856 4 1 _uhttps://biblioeco.unsa.edu.ar/pmb/images/libros/La Contabilidad de las Empresas Constructoras-l119501.jpg
_yImagen de portada
_qimage/jpeg
999 _c969
_d969